Las treinta casualidades que hacen sea Alonso de Ledesma el autor del Falso Quijote (Record no. 2419)
[ view plain ]
| 000 -CABECERA | |
|---|---|
| campo de control de longitud fija | 00805nam a2200217 a 4500 |
| 001 - NÚMERO DE CONTROL | |
| campo de control | BRCA_2679 |
| 005 - FECHA Y HORA DE LA ÚLTIMA TRANSACCIÓN | |
| campo de control | 20190320203924.0 |
| 008 - DATOS DE LONGITUD FIJA--INFORMACIÓN GENERAL | |
| campo de control de longitud fija | 021208s1941----sp-a---###---#000-0#spa-u |
| 050 #4 - SIGNATURA TOPOGRÁFICA DE LA BIBLIOTECA DEL CONGRESO | |
| Número de clasificación | PQ6338 |
| Número de documento/Ítem | .V56 1941 |
| 100 1# - ENTRADA PRINCIPAL--NOMBRE DE PERSONA | |
| Nombre de persona | Vindel, Francisco |
| 9 (RLIN) | 7597 |
| 245 10 - MENCIÓN DE TÍTULO | |
| Título | Las treinta casualidades que hacen sea Alonso de Ledesma el autor del Falso Quijote |
| Mención de responsabilidad, etc. | Francisco Vindel. |
| 260 ## - PUBLICACIÓN, DISTRIBUCIÓN, ETC. | |
| Lugar de publicación, distribución, etc. | Madrid |
| Nombre del editor, distribuidor, etc. | Francisco Vindel |
| Fecha de publicación, distribución, etc. | 1941 |
| 300 ## - DESCRIPCIÓN FÍSICA | |
| Extensión | 19 p. |
| Otras características físicas | il. |
| Dimensiones | 19 cm. |
| 500 ## - NOTA GENERAL | |
| Nota general | Ejemplar numerado 92 de 160. |
| 500 ## - NOTA GENERAL | |
| Nota general | Se han impreso ciento sesenta ejemplares en papel, registros numerados del 1 al 160 ejemplar número 92 en biblioteca. |
| 500 ## - NOTA GENERAL | |
| Nota general | AA40 |
| 600 14 - PUNTO DE ACCESO ADICIONAL DE MATERIA--NOMBRE DE PERSONA | |
| Nombre de persona | Cervantes Saavedra, Miguel de. |
| Título de la obra | Don Quijote- 1547-1616 |
| 9 (RLIN) | 7598 |
| 600 14 - PUNTO DE ACCESO ADICIONAL DE MATERIA--NOMBRE DE PERSONA | |
| Nombre de persona | Ledesma, Alonso de |
| Fechas asociadas al nombre | 1562-1623 |
| 9 (RLIN) | 7599 |
| 902 ## - CATALOGADOR | |
| Iniciales | GFM |
| 942 ## - ELEMENTOS DE PUNTO DE ACCESO ADICIONAL (KOHA) | |
| Fuente del sistema de clasificación o colocación | Library of Congress Classification |
| Tipo de ítem Koha | Libros |
| Estado de retiro | Estado de pérdida | Estado dañado | No para préstamo | Localización permanente | Ubicación/localización actual | Fecha de adquisición | Número de inventario | Total de préstamos | Signatura topográfica completa | Código de barras | Fecha visto por última vez | Precio válido a partir de | Tipo de ítem Koha |
|---|---|---|---|---|---|---|---|---|---|---|---|---|---|
| El ejemplar forma parte de la colección y puede ser consultado según las políticas vigentes. | Biblioteca del Museo Franz Mayer (Rogerio Casas-Alatriste) | Biblioteca del Museo Franz Mayer (Rogerio Casas-Alatriste) | 02/12/2008 | AA40 | PQ6338 .V56 1941 (AA40) | 2676 | 22/03/2019 | 22/03/2019 | Libros |